000
00329 a2200157 4500
001
184731
020
_a
040
_c
Magnum
100
_a
D´assumpção, Gislaine Maria
240
1
0
_a
Pingo de luz
_l
por
245
1
0
_a
Pingo de luz
300
_a
43
362
0
_a
1989
697
_a
LITERATURA INFANTO-JUVENIL
942
_c
BK
999
_c
184731
_d
184731